| 000 | 00813cam a22002415a 4500 | ||
|---|---|---|---|
| 001 | L159723 | ||
| 008 | 150226s2017 xxk f 000 0 eng d | ||
| 035 | _a(Sirsi) u159723 | ||
| 041 | 0 | _aeng | |
| 100 | 1 |
_aHooper, Brendon _96168 |
|
| 245 | 0 | 0 |
_aSydney's newest darling _h[electronic resource] |
| 260 | _c2017 | ||
| 490 |
_aModus _vMarch 2017, 32-33 (2) |
||
| 520 | _aWhen the city decided it was short of world-class conference, exhibition and concert venues, its solution was to build all three on one site. Reports on new International Convention Centre in Sydney. | ||
| 590 | _aKA | ||
| 650 | 2 | 4 | _aCONVENTION CENTRE |
| 650 | 2 | 4 | _aCONCERT HALL |
| 650 | 2 | 4 | _aCONFERENCE CENTRE |
| 650 | 2 | 4 | _aEXHIBITION CENTRE |
| 651 | 4 | _aAustralia | |
| 690 | _aBUILDING AND CONSTRUCTION-PROJECTS | ||
| 942 |
_n0 _2ddc |
||
| 999 |
_c84934 _d84934 |
||